000 00583nam a22001937a 4500
999 _c9313
_d9313
003 AR-CdUCM
008 190327b ||||| |||| 00| 0 spa d
020 _a978-612-4039-59-1
040 _aMUNICIPALIDAD PROVINCIAL DEL CUSCO
_cBIBLIOTECA MUNICIPAL DEL CUSCO
082 _aSI-0061 /
_bTEJ / niñ
100 _aTejo, Heriberto
_925319
245 _aLa niña del jacarandá /
260 _aLima :
_bSantillana,
_c2014.
300 _a35 páginas ;
_bIlustraciones.
_c22.5 cm.
650 _aLiteratura infantil
_9588
650 _aSiglo XXI
_92856
942 _2ddc
_cLIBROS
945 _aafb